[Event "Novosibirsk Sukharev Memorial op"]
[Site "Novosibirsk"]
[Date "2011.07.24"]
[Round "7"]
[White "Okladnikov, Gennady"]
[Black "Giliazitdinov, Edward"]
[Result "0-1"]
[WhiteElo "2083"]
[BlackElo "2073"]
[PlyCount "90"]
[EventDate "2011.07.18"]
[EventType "swiss"]
[EventRounds "9"]
[EventCountry "RUS"]
[SourceTitle "EXT 2012"]
[Source "ChessBase"]
[SourceDate "2011.11.24"]
[SourceVersion "1"]
[SourceVersionDate "2011.11.24"]
[SourceQuality "1"]

1. e4 c5 2. Nf3 e6 3. c3 d5 4. e5 d4 5. cxd4 cxd4 6. Bb5+ Nc6 7. 0-0 Bc5 8. d3 Nge7 9. Nbd2 a6 10. Ba4 b5 11. Ne4 bxa4 12. Nxc5 Qd5 13. Nxa4 Nxe5 14. Nxe5 Qxe5 15. Nb6 Rb8 16. Re1 Qb5 17. Nc4 0-0 18. Bf4 Ra8 19. Bd6 Re8 20. Bxe7 Rxe7 21. a4 Qg5 22. Re5 Qg6 23. f3 f6 24. Rc5 Bb7 25. Qe2 h5 26. Nd6 e5 27. Rac1 Rd8 28. Nxb7 Rxb7 29. R1c2 Rb3 30. Rd2 Rdb8 31. Rcc2 R8b4 32. Qd1 Kh7 33. g3 Rxa4 34. Kg2 Rab4 35. h4 a5 36. Qf1 Rb5 37. Qe2 a4 38. Qe4 f5 39. Qe2 Kh6 40. Kf2 a3 41. bxa3 Rxa3 42. Rb2 Rxb2 43. Rxb2 f4 44. gxf4 exf4 45. Qe4 Qg3+ 0-1

[Event "Novosibirsk Sukharev Memorial op"]
[Site "Novosibirsk"]
[Date "2011.07.22"]
[Round "5"]
[White "Okladnikov, Gennady"]
[Black "Dolgusheva, Izabella"]
[Result "1-0"]
[WhiteElo "2083"]
[BlackElo "2136"]
[PlyCount "67"]
[EventDate "2011.07.18"]
[EventType "swiss"]
[EventRounds "9"]
[EventCountry "RUS"]
[SourceTitle "EXT 2012"]
[Source "ChessBase"]
[SourceDate "2011.11.24"]
[SourceVersion "1"]
[SourceVersionDate "2011.11.24"]
[SourceQuality "1"]

1. e4 c5 2. Nf3 Nc6 3. Bb5 e6 4. c3 a6 5. Ba4 b5 6. Bb3 c4 7. Bc2 d5 8. d4 cxd3 9. Qxd3 Nf6 10. e5 Nd7 11. Qe2 h6 12. 0-0 Bb7 13. Re1 Rc8 14. Bf4 g6 15. Nbd2 Bg7 16. Nb3 b4 17. Bd3 bxc3 18. bxc3 a5 19. h4 0-0 20. Qe3 Qb6 21. Nbd4 Nxd4 22. cxd4 Rc3 23. Rab1 Qa7 24. Rb3 Rfc8 25. Bxh6 Ba6 26. Bxg7 Kxg7 27. Qd2 Rxd3 28. Rxd3 Bxd3 29. Qxd3 a4 30. h5 Qa5 31. hxg6 fxg6 32. Rb1 Rc3 33. Qd2 Qc7 34. Qg5 1-0

[Event "Novosibirsk Sukharev Memorial op"]
[Site "Novosibirsk"]
[Date "2011.07.21"]
[Round "4"]
[White "Popov, Eugeny Vladimirovic"]
[Black "Okladnikov, Gennady"]
[Result "0-1"]
[WhiteElo "1964"]
[BlackElo "2083"]
[PlyCount "76"]
[EventDate "2011.07.18"]
[EventType "swiss"]
[EventRounds "9"]
[EventCountry "RUS"]
[SourceTitle "EXT 2012"]
[Source "ChessBase"]
[SourceDate "2011.11.24"]
[SourceVersion "1"]
[SourceVersionDate "2011.11.24"]
[SourceQuality "1"]

1. e4 d6 2. c4 Nf6 3. Nc3 g6 4. d4 Bg7 5. Be2 0-0 6. Be3 c6 7. Nf3 Nbd7 8. 0-0 e5 9. d5 c5 10. Nd2 a6 11. a4 b6 12. f4 exf4 13. Bxf4 Qe7 14. h3 h6 15. Kh1 g5 16. Bg3 Ne5 17. Qc2 g4 18. hxg4 Nfxg4 19. Bxg4 Nxg4 20. Rf3 Qg5 21. Nb3 Ne5 22. Bxe5 Bxe5 23. Kg1 Bg4 24. Rd3 f5 25. g3 f4 26. Qd2 fxg3 27. Qxg5+ hxg5 28. Rf1 Rxf1+ 29. Kxf1 Rf8+ 30. Kg1 Bh3 31. Rd1 Rf2 32. Rb1 Rg2+ 33. Kh1 Rh2+ 34. Kg1 Bf4 35. Re1 Rg2+ 36. Kh1 Rxb2 37. Rb1 Rxb1+ 38. Nxb1 g2+ 0-1

[Event "Novosibirsk Sukharev Memorial op"]
[Site "Novosibirsk"]
[Date "2011.07.18"]
[Round "1"]
[White "Okladnikov, Gennady"]
[Black "Abramov, Ilya"]
[Result "1-0"]
[WhiteElo "2083"]
[BlackElo "1799"]
[PlyCount "65"]
[EventDate "2011.07.18"]
[EventType "swiss"]
[EventRounds "9"]
[EventCountry "RUS"]
[SourceTitle "EXT 2012"]
[Source "ChessBase"]
[SourceDate "2011.11.24"]
[SourceVersion "1"]
[SourceVersionDate "2011.11.24"]
[SourceQuality "1"]

1. e4 e5 2. Nf3 Nc6 3. d4 exd4 4. c3 dxc3 5. Nxc3 Bb4 6. Bc4 d6 7. Qb3 Qe7 8. 0-0 Nf6 9. Bg5 Bxc3 10. Qxc3 Ne5 11. Nxe5 Qxe5 12. Bxf6 gxf6 13. Qb3 Rf8 14. f4 Qc5+ 15. Kh1 Qb6 16. Qc3 Be6 17. Bd3 Ke7 18. Rac1 Rac8 19. e5 f5 20. b3 Rg8 21. Rce1 Rcd8 22. exd6+ Qxd6 23. Bxf5 Qd2 24. Qxc7+ Rd7 25. Qc5+ Kd8 26. Be4 Qxa2 27. f5 Bxb3 28. Qe5 Rc7 29. Rc1 Bc4 30. Rfd1+ Kc8 31. Bf3 Qa3 32. Ra1 Qb4 33. Rxa7 1-0

[Event "Novosibirsk Region-ch sf"]
[Site "Novosibirsk"]
[Date "2010.10.22"]
[Round "7"]
[White "Okladnikov, Gennady"]
[Black "Popov, Nikita"]
[Result "1/2-1/2"]
[WhiteElo "2176"]
[BlackElo "1781"]
[PlyCount "82"]
[EventDate "2010.??.??"]
[EventType "swiss"]
[EventRounds "9"]
[EventCountry "RUS"]
[SourceTitle "EXT 2014"]
[Source "ChessBase"]
[SourceDate "2013.11.20"]
[SourceVersion "1"]
[SourceVersionDate "2013.11.20"]
[SourceQuality "1"]

1. e4 c5 2. Nf3 d6 3. d4 cxd4 4. Qxd4 Nc6 5. Bb5 Bd7 6. Bxc6 Bxc6 7. c4 e5 8. Qd3 Be7 9. Nc3 Nf6 10. 0-0 0-0 11. h3 Qc7 12. Bg5 Rfd8 13. b4 b6 14. Rac1 Rac8 15. a4 h6 16. Bxf6 Bxf6 17. b5 Bb7 18. Nd5 Bxd5 19. Qxd5 Qd7 20. Rfd1 Rc5 21. Qd3 Be7 22. Rc2 a5 23. Nd2 Qe6 24. Nb3 Rc7 25. Rc3 Rdc8 26. Rdc1 g6 27. R1c2 Bg5 28. Kh2 Kf8 29. g3 h5 30. h4 Bh6 31. Kg2 Ke7 32. Nc1 Bxc1 33. Rxc1 Rc5 34. R1c2 R8c7 35. Qe2 Rc8 36. Qd3 R8c7 37. f3 Rc8 38. Qe2 R8c7 39. Rc1 Rc8 40. Qd3 R8c7 41. R1c2 Rc8 1/2-1/2

[Event "Novosibirsk Region-ch sf"]
[Site "Novosibirsk"]
[Date "2010.10.19"]
[Round "4"]
[White "Okladnikov, Gennady"]
[Black "Shevchenko, Vitaly"]
[Result "0-1"]
[WhiteElo "2176"]
[BlackElo "2087"]
[PlyCount "68"]
[EventDate "2010.??.??"]
[EventType "swiss"]
[EventRounds "9"]
[EventCountry "RUS"]
[SourceTitle "EXT 2014"]
[Source "ChessBase"]
[SourceDate "2013.11.20"]
[SourceVersion "1"]
[SourceVersionDate "2013.11.20"]
[SourceQuality "1"]

1. e4 c5 2. Nf3 Nc6 3. d4 cxd4 4. Nxd4 e5 5. Nb5 d6 6. Bc4 Nf6 7. 0-0 a6 8. N5c3 b5 9. Bb3 Be7 10. Be3 0-0 11. f3 Na5 12. Nd5 Nxb3 13. Nxe7+ Qxe7 14. axb3 Be6 15. Bg5 d5 16. Bxf6 gxf6 17. exd5 Qc5+ 18. Kh1 Bxd5 19. Nc3 Rfd8 20. Qe2 Bb7 21. Ne4 Qc6 22. Rac1 f5 23. Ng3 Qe6 24. c4 bxc4 25. bxc4 Re8 26. b3 a5 27. Qd3 f4 28. Ne4 Bxe4 29. Qxe4 a4 30. b4 a3 31. c5 a2 32. Qc2 Qa6 33. Qb2 Qa3 34. Qxa3 Rxa3 0-1

[Event "Novosibirsk Region-ch sf"]
[Site "Novosibirsk"]
[Date "2010.10.16"]
[Round "1"]
[White "Okladnikov, Gennady"]
[Black "Faleev, Vasily"]
[Result "1-0"]
[WhiteElo "2176"]
[BlackElo "1942"]
[PlyCount "99"]
[EventDate "2010.??.??"]
[EventType "swiss"]
[EventRounds "9"]
[EventCountry "RUS"]
[SourceTitle "EXT 2014"]
[Source "ChessBase"]
[SourceDate "2013.11.20"]
[SourceVersion "1"]
[SourceVersionDate "2013.11.20"]
[SourceQuality "1"]

1. e4 e5 2. f4 Nc6 3. Nf3 exf4 4. d4 g5 5. d5 g4 6. dxc6 gxf3 7. cxd7+ Bxd7 8. Qxf3 Qh4+ 9. Qf2 Qxf2+ 10. Kxf2 Nf6 11. Bd3 Bc5+ 12. Kf1 Ng4 13. h3 Ne3+ 14. Bxe3 fxe3 15. Nc3 0-0-0 16. Ke2 Rhg8 17. Kf3 Bc6 18. g4 Rdf8 19. Nd5 f5 20. gxf5 Rxf5+ 21. exf5 Bxd5+ 22. Be4 Bxe4+ 23. Kxe4 Re8+ 24. Kd3 Kd7 25. Ke2 Rf8 26. Rhf1 Ke7 27. Rad1 Rf7 28. Rd5 Bb6 29. c4 c6 30. Re5+ Kf6 31. Re6+ Kg5 32. b4 Bd4 33. Re4 c5 34. bxc5 Bxc5 35. f6 b6 36. Rg4+ Kh6 37. Rf5 a6 38. a4 a5 39. h4 Rd7 40. Rd5 Rf7 41. Rf4 Kg6 42. h5+ Kh6 43. Rff5 Rc7 44. f7 Bf8 45. Kxe3 Rxc4 46. Rd4 Rc3+ 47. Ke4 Rc7 48. Rd8 Kg7 49. Rg5+ Kf6 50. Rxf8 1-0

[Event "Novosibirsk Seniors op"]
[Site "Novosibirsk"]
[Date "2010.09.25"]
[Round "2"]
[White "Makarevich, Gennady"]
[Black "Okladnikov, Gennady"]
[Result "0-1"]
[WhiteElo "1991"]
[BlackElo "2176"]
[PlyCount "40"]
[EventDate "2010.09.24"]
[EventType "swiss"]
[EventRounds "9"]
[EventCountry "RUS"]
[SourceTitle "EXT 2014"]
[Source "ChessBase"]
[SourceDate "2013.11.20"]
[SourceVersion "1"]
[SourceVersionDate "2013.11.20"]
[SourceQuality "1"]

1. e4 d6 2. d4 Nf6 3. Bd3 c5 4. c3 Nc6 5. Ne2 g6 6. f3 Bg7 7. d5 Ne5 8. Bb5+ Ned7 9. Ng3 h5 10. b3 h4 11. Nf1 a6 12. Be2 b5 13. Bb2 h3 14. g3 Nb6 15. Qc2 c4 16. Nbd2 e6 17. dxe6 Bxe6 18. bxc4 bxc4 19. Nxc4 Nxc4 20. Qa4+ Qd7 0-1

[Event "Novosibirsk Seniors op"]
[Site "Novosibirsk"]
[Date "2010.09.24"]
[Round "1"]
[White "Okladnikov, Gennady"]
[Black "Letyagin, Boris"]
[Result "1-0"]
[WhiteElo "2176"]
[BlackElo "1907"]
[PlyCount "97"]
[EventDate "2010.09.24"]
[EventType "swiss"]
[EventRounds "9"]
[EventCountry "RUS"]
[SourceTitle "EXT 2014"]
[Source "ChessBase"]
[SourceDate "2013.11.20"]
[SourceVersion "1"]
[SourceVersionDate "2013.11.20"]
[SourceQuality "1"]

1. e4 Nc6 2. d4 d5 3. e5 a6 4. Ne2 Bf5 5. Ng3 Bg6 6. Bd3 e6 7. 0-0 Be7 8. c3 Bh4 9. Nh5 Bxd3 10. Qxd3 g6 11. Nf4 Bg5 12. Qg3 h6 13. Qh3 Bxf4 14. Bxf4 g5 15. Be3 h5 16. Qg3 g4 17. f3 f5 18. exf6 Nxf6 19. Qh4 Rg8 20. Bg5 Rxg5 21. Qxg5 g3 22. Qg6+ Kf8 23. hxg3 Ke7 24. Qg7+ Kd6 25. Nd2 b5 26. a4 b4 27. Nb3 Rb8 28. Nc5 a5 29. Qg5 Qh8 30. Rae1 Re8 31. Nd3 bxc3 32. bxc3 Nd8 33. c4 Nf7 34. Qf4+ Kd7 35. cxd5 exd5 36. Rxe8 Kxe8 37. Qxc7 Kf8 38. Qc8+ Ne8 39. Qc5+ Kg8 40. Qxd5 Qh7 41. Ne5 Ned6 42. Nxf7 Nxf7 43. Rc1 Qd3 44. Qe4 Qa6 45. Kh2 Qd6 46. Rc6 Qd7 47. Rg6+ Kf8 48. Qf5 Qxd4 49. Qc8+ 1-0

[Event "Novosibirsk Sukharev Memorial Seniors"]
[Site "Novosibirsk"]
[Date "2010.07.18"]
[Round "1"]
[White "Okladnikov, Gennady"]
[Black "Merkuriev, Vyacheslav Aleksand"]
[Result "0-1"]
[WhiteElo "2188"]
[BlackElo "1980"]
[PlyCount "84"]
[EventDate "2010.07.18"]
[EventType "swiss"]
[EventRounds "9"]
[EventCountry "RUS"]
[SourceTitle "EXT 2011"]
[Source "ChessBase"]
[SourceDate "2010.11.26"]
[SourceVersion "1"]
[SourceVersionDate "2010.11.26"]
[SourceQuality "1"]

1. e4 e6 2. d4 d5 3. e5 c5 4. c3 Nc6 5. Nf3 cxd4 6. cxd4 Bb4+ 7. Nc3 f6 8. Bd3 a6 9. 0-0 f5 10. a3 Ba5 11. Be3 Nge7 12. b4 Bb6 13. Na4 Ba7 14. Nc5 0-0 15. Qd2 Qe8 16. a4 f4 17. Bxf4 Nxb4 18. Bb1 a5 19. Rc1 Bxc5 20. Rxc5 b6 21. Rc3 Bd7 22. Ng5 Ng6 23. Bg3 h6 24. Nf3 Ne7 25. Nh4 Rc8 26. Raa3 Rxc3 27. Rxc3 Bxa4 28. Bf4 Qh5 29. Nf3 Nbc6 30. h3 b5 31. Kh2 b4 32. Rc5 Bb3 33. Be3 Bc4 34. g4 Qf7 35. Nh4 g5 36. Ng2 a4 37. f4 a3 38. fxg5 b3 39. g6 Nxg6 40. Rxc6 a2 41. Bxg6 Qxg6 42. Qb4 a1Q 0-1

[Event "Novosibirsk op 04"]
[Site "Novosibirsk"]
[Date "2009.04.14"]
[Round "9"]
[White "Romanjko, Arseny"]
[Black "Okladnikov, Gennady"]
[Result "0-1"]
[WhiteElo "2041"]
[BlackElo "2194"]
[PlyCount "84"]
[EventDate "2009.04.03"]
[EventType "swiss"]
[EventRounds "9"]
[EventCountry "RUS"]
[SourceTitle "EXT 2012"]
[Source "ChessBase"]
[SourceDate "2011.11.24"]
[SourceVersion "1"]
[SourceVersionDate "2011.11.24"]
[SourceQuality "1"]

1. e3 g6 2. c4 Bg7 3. f4 d6 4. d4 c5 5. Nc3 cxd4 6. exd4 Nc6 7. d5 Nd4 8. Nf3 Nxf3+ 9. Qxf3 Nh6 10. Be3 Nf5 11. Bd3 0-0 12. 0-0 e5 13. Kh1 Nxe3 14. Qxe3 Bh6 15. g3 f5 16. Qf2 e4 17. Bc2 Bg7 18. Rfe1 Qa5 19. Bb3 Bd7 20. Rac1 a6 21. c5 dxc5 22. Ne2 Rac8 23. a4 Kh8 24. Rc4 Qb6 25. Qe3 Qd6 26. Rec1 b6 27. R4c2 Rc7 28. g4 fxg4 29. a5 Bb5 30. Ng3 Bd3 31. Nxe4 Bxe4+ 32. Qxe4 b5 33. Re1 c4 34. Ba2 Rcf7 35. Rf2 Rxf4 36. Rxf4 Rxf4 37. Qe8+ Rf8 38. Qe6 Qf4 39. Qe4 Qf3+ 40. Kg1 Qf2+ 41. Kh1 Bd4 42. b3 Qf1+ 0-1

[Event "Novosibirsk op 04"]
[Site "Novosibirsk"]
[Date "2009.04.06"]
[Round "3"]
[White "Klimov, Valery"]
[Black "Okladnikov, Gennady"]
[Result "0-1"]
[WhiteElo "1928"]
[BlackElo "2194"]
[PlyCount "70"]
[EventDate "2009.04.03"]
[EventType "swiss"]
[EventRounds "9"]
[EventCountry "RUS"]
[SourceTitle "EXT 2012"]
[Source "ChessBase"]
[SourceDate "2011.11.24"]
[SourceVersion "1"]
[SourceVersionDate "2011.11.24"]
[SourceQuality "1"]

1. e4 d6 2. d4 g6 3. Be3 Bg7 4. Qd2 c6 5. Nc3 Nd7 6. f3 b5 7. g4 a5 8. Nge2 b4 9. Na4 Ba6 10. a3 Qb8 11. axb4 axb4 12. b3 Ngf6 13. g5 Nh5 14. Ng3 Nxg3 15. hxg3 c5 16. Bxa6 Rxa6 17. Kf2 0-0 18. Nb2 Rxa1 19. Rxa1 Qb5 20. Nc4 cxd4 21. Bxd4 Bxd4+ 22. Qxd4 Qxg5 23. Ra7 Nf6 24. Ra5 Qc1 25. Ne3 Qh1 26. Qxb4 Qh2+ 27. Ke1 Qxg3+ 28. Ke2 h5 29. Qe1 Qh3 30. Qg1 Kh7 31. Rg5 Rc8 32. c4 Ra8 33. Qg3 Ra2+ 34. Kd3 Qh1 35. Kc3 Qc1+ 0-1

[Event "Novosibirsk op 04"]
[Site "Novosibirsk"]
[Date "2009.04.04"]
[Round "2"]
[White "Okladnikov, Gennady"]
[Black "Romanov, Viktor"]
[Result "1-0"]
[WhiteElo "2194"]
[BlackElo "1970"]
[PlyCount "117"]
[EventDate "2009.04.03"]
[EventType "swiss"]
[EventRounds "9"]
[EventCountry "RUS"]
[SourceTitle "EXT 2012"]
[Source "ChessBase"]
[SourceDate "2011.11.24"]
[SourceVersion "1"]
[SourceVersionDate "2011.11.24"]
[SourceQuality "1"]

1. e4 b6 2. d4 e6 3. Nf3 Bb7 4. Bd3 Be7 5. 0-0 d6 6. Qe2 Nf6 7. e5 Nfd7 8. Bf4 d5 9. c4 c5 10. cxd5 Bxd5 11. Nc3 Bb7 12. Rad1 Qc8 13. Bb1 Ba6 14. Nb5 Nc6 15. a4 Nb4 16. Bg5 Bxb5 17. axb5 h6 18. Bxe7 Kxe7 19. Be4 Rb8 20. Rc1 a6 21. Bd3 Nxd3 22. Qxd3 axb5 23. Qxb5 Qb7 24. Rfd1 Rhd8 25. h4 f6 26. exf6+ gxf6 27. Qd3 Nf8 28. Qe3 Kf7 29. Qxh6 Rd5 30. Rd2 Rbd8 31. Rcd1 Qa6 32. dxc5 Rxd2 33. Rxd2 Rxd2 34. Qxd2 bxc5 35. h5 Qc4 36. Qc3 Qd5 37. h6 e5 38. Nh4 Ne6 39. h7 Qd1+ 40. Kh2 Qh5 41. Qc4 Qxh7 42. g3 Qb1 43. b3 Qb2 44. Kg1 Qd4 45. Qc2 e4 46. Nf5 Qd3 47. Qc4 Qxc4 48. bxc4 Ng5 49. Nd6+ Ke6 50. Nb7 Nf3+ 51. Kg2 Ne1+ 52. Kf1 Nd3 53. Ke2 Ke5 54. Ke3 Nb2 55. Nxc5 Nxc4+ 56. Ke2 f5 57. f4+ exf3+ 58. Kxf3 Nd2+ 59. Ke3 1-0

[Event "Novosibirsk op 04"]
[Site "Novosibirsk"]
[Date "2009.04.03"]
[Round "1"]
[White "Sydykova, Tamara"]
[Black "Okladnikov, Gennady"]
[Result "0-1"]
[WhiteElo "1787"]
[BlackElo "2194"]
[PlyCount "50"]
[EventDate "2009.04.03"]
[EventType "swiss"]
[EventRounds "9"]
[EventCountry "RUS"]
[SourceTitle "EXT 2012"]
[Source "ChessBase"]
[SourceDate "2011.11.24"]
[SourceVersion "1"]
[SourceVersionDate "2011.11.24"]
[SourceQuality "1"]

1. c4 Nf6 2. d4 g6 3. Nf3 Bg7 4. Nc3 d6 5. e4 0-0 6. Bd3 Nbd7 7. 0-0 e5 8. dxe5 dxe5 9. Be3 c6 10. Rc1 h6 11. Qd2 Kh7 12. h3 Qe7 13. g4 Nc5 14. g5 Nh5 15. gxh6 Bf6 16. Ng5+ Bxg5 17. Bxg5 f6 18. Be3 Bxh3 19. Rfd1 Nxd3 20. Qxd3 Bg4 21. Re1 Qe6 22. Ne2 Bf3 23. Kh2 Qg4 24. Ng3 Nxg3 25. Bg5 fxg5 0-1

[Event "Novosibirsk op 03"]
[Site "Novosibirsk"]
[Date "2009.03.31"]
[Round "9"]
[White "Krasnov, Yury"]
[Black "Okladnikov, Gennady"]
[Result "0-1"]
[WhiteElo "2099"]
[BlackElo "2194"]
[PlyCount "75"]
[EventDate "2009.03.17"]
[EventType "swiss"]
[EventRounds "9"]
[EventCountry "RUS"]
[SourceTitle "EXT 2012"]
[Source "ChessBase"]
[SourceDate "2011.11.24"]
[SourceVersion "1"]
[SourceVersionDate "2011.11.24"]
[SourceQuality "1"]

1. e4 d6 2. d4 g6 3. c4 Bg7 4. Nc3 Nf6 5. Nf3 0-0 6. Be2 e5 7. dxe5 dxe5 8. Qxd8 Rxd8 9. Bg5 c6 10. Rd1 Rxd1+ 11. Kxd1 h6 12. Bxf6 Bxf6 13. Kc2 Be6 14. Rd1 Nd7 15. Ne1 Be7 16. b3 f5 17. Nd3 Bf6 18. f4 Re8 19. exf5 gxf5 20. fxe5 Nxe5 21. Nxe5 Bxe5 22. Bh5 Re7 23. g3 f4 24. Ne2 Bf5+ 25. Kc1 fxg3 26. hxg3 Kg7 27. Nd4 Be4 28. Ne2 Kf6 29. g4 Kg5 30. Nd4 a5 31. c5 Kh4 32. Nc2 Bc3 33. Rd6 Kg5 34. Nd4 Bd5 35. Rg6+ Kf4 36. Nf5 Re1+ 37. Kc2 Bb4 38. Rxh6 0-1

[Event "Novosibirsk op 03"]
[Site "Novosibirsk"]
[Date "2009.03.25"]
[Round "6"]
[White "Chuguev, Anton"]
[Black "Okladnikov, Gennady"]
[Result "1/2-1/2"]
[WhiteElo "2214"]
[BlackElo "2194"]
[PlyCount "102"]
[EventDate "2009.03.17"]
[EventType "swiss"]
[EventRounds "9"]
[EventCountry "RUS"]
[SourceTitle "EXT 2012"]
[Source "ChessBase"]
[SourceDate "2011.11.24"]
[SourceVersion "1"]
[SourceVersionDate "2011.11.24"]
[SourceQuality "1"]

1. d4 Nf6 2. g3 g6 3. Bg2 Bg7 4. e4 d6 5. Nc3 0-0 6. Nge2 e5 7. 0-0 c6 8. h3 Nbd7 9. Bg5 Re8 10. Re1 h6 11. Be3 Kh7 12. Qd2 exd4 13. Nxd4 Nc5 14. f3 Qe7 15. b4 Ncd7 16. Rad1 Ne5 17. Qe2 d5 18. exd5 Qxb4 19. dxc6 Qxc3 20. Nb5 Qa5 21. Nd6 Nxc6 22. Nxe8 Nxe8 23. Bxh6 Be6 24. Bxg7 Kxg7 25. Rb1 Qc7 26. f4 Nf6 27. c3 Rd8 28. Qb5 Rd7 29. c4 Na5 30. Re5 b6 31. c5 Bxa2 32. Rb4 Be6 33. cxb6 axb6 34. Qxb6 Rd1+ 35. Kh2 Qxb6 36. Rxb6 Nc4 37. Rexe6 fxe6 38. Rxe6 Rd2 39. Kg1 Nh5 40. Be4 Nf6 41. Bf3 Kf7 42. Re2 Rd3 43. Kf2 Nd2 44. Bg2 Nc4 45. Rc2 Nd6 46. Re2 Nh5 47. Bf3 Nf5 48. Bxh5 gxh5 49. g4 Nd4 50. Re3 Rd2+ 51. Kg3 Kf6 1/2-1/2

[Event "Novosibirsk op 03"]
[Site "Novosibirsk"]
[Date "2009.03.17"]
[Round "1"]
[White "Okladnikov, Gennady"]
[Black "Klimov, Valery"]
[Result "1-0"]
[WhiteElo "2194"]
[BlackElo "1928"]
[PlyCount "83"]
[EventDate "2009.03.17"]
[EventType "swiss"]
[EventRounds "9"]
[EventCountry "RUS"]
[SourceTitle "EXT 2012"]
[Source "ChessBase"]
[SourceDate "2011.11.24"]
[SourceVersion "1"]
[SourceVersionDate "2011.11.24"]
[SourceQuality "1"]

1. e4 c5 2. Nf3 e6 3. c3 d5 4. e5 Nc6 5. d4 Qb6 6. a3 cxd4 7. cxd4 Bd7 8. Nc3 a6 9. Na4 Qa7 10. Be3 Nh6 11. Bd3 Ng4 12. 0-0 Nxe3 13. fxe3 b5 14. Nc3 h6 15. Rc1 Be7 16. Kh1 Na5 17. e4 Bc6 18. exd5 exd5 19. e6 f6 20. Bg6+ Kd8 21. Qe2 Rc8 22. Rfe1 Rc7 23. Nh4 Kc8 24. Nf5 Kb8 25. Qf3 Qb7 26. Bf7 Nc4 27. Rc2 Nd6 28. Nxe7 Rxe7 29. Qg3 Rd8 30. Na2 Ka8 31. Nb4 Ne4 32. Qe3 Rd6 33. Rec1 Rc7 34. Be8 Rxe6 35. Bxc6 Rcxc6 36. Rxc6 Rxc6 37. Rxc6 a5 38. Ra6+ Kb8 39. Qf4+ Kc8 40. Rxa5 Qb6 41. Ra8+ Kd7 42. Qf5+ 1-0

[Event "Novosibirsk-ch op"]
[Site "Novosibirsk"]
[Date "2009.02.22"]
[Round "5"]
[White "Vorobjov, Stanislav"]
[Black "Okladnikov, Gennady"]
[Result "1-0"]
[WhiteElo "2123"]
[BlackElo "2205"]
[PlyCount "141"]
[EventDate "2009.02.18"]
[EventType "swiss"]
[EventRounds "9"]
[EventCountry "RUS"]
[SourceTitle "CBM 129 Extra"]
[Source "ChessBase"]
[SourceDate "2009.05.05"]
[SourceVersion "2"]
[SourceVersionDate "2009.05.20"]
[SourceQuality "1"]

1. e4 e6 2. d4 d5 3. Nc3 Nf6 4. exd5 exd5 5. Bg5 Be7 6. Nf3 0-0 7. Be2 Be6 8. 0-0 Nbd7 9. Re1 c5 10. dxc5 Bxc5 11. Nd4 Re8 12. Bb5 a6 13. Bxd7 Qxd7 14. Bxf6 gxf6 15. Qd2 Qd6 16. Re3 Bd7 17. Rae1 Rxe3 18. Rxe3 Kh8 19. Nce2 Re8 20. Rxe8+ Bxe8 21. c3 Bd7 22. Qf4 Qe5 23. Qd2 Bd6 24. g3 Qe4 25. Qh6 Qg6 26. Qh4 Qg5 27. Nf3 Qg6 28. Nf4 Bxf4 29. Qxf4 Bh3 30. Qc1 Qe4 31. Ne1 Qe2 32. Ng2 Bg4 33. Nf4 Qe4 34. h3 Bf3 35. Kh2 Kg7 36. Qe3 f5 37. h4 h6 38. Qxe4 Bxe4 39. Ne2 Kf6 40. Nd4 Bb1 41. a3 Ke5 42. Nb3 Be4 43. f4+ Kd6 44. Kg1 Bc2 45. Nd4 Be4 46. b4 b6 47. Kf2 f6 48. Ke3 h5 49. Ne2 Bc2 50. Kd4 Be4 51. Nc1 Bc2 52. c4 dxc4 53. Kxc4 Be4 54. Ne2 Bd5+ 55. Kd4 Bf3 56. Nc3 Bc6 57. Nd1 Bd5 58. Nb2 Bb3 59. Nd3 Ba4 60. Ne1 Bc6 61. Nc2 Bd7 62. Ne3 Be6 63. a4 a5 64. b5 Kd7 65. Nd5 Kd6 66. Nxb6 Bb3 67. Nc4+ Kc7 68. b6+ Kd7 69. Nxa5 Bxa4 70. Kc5 Bc2 71. Nc4 1-0

[Event "Novosibirsk-ch op"]
[Site "Novosibirsk"]
[Date "2009.02.18"]
[Round "1"]
[White "Okladnikov, Gennady"]
[Black "Demidov, Danil"]
[Result "0-1"]
[WhiteElo "2205"]
[BlackElo "2013"]
[PlyCount "54"]
[EventDate "2009.02.18"]
[EventType "swiss"]
[EventRounds "9"]
[EventCountry "RUS"]
[SourceTitle "CBM 129 Extra"]
[Source "ChessBase"]
[SourceDate "2009.05.05"]
[SourceVersion "2"]
[SourceVersionDate "2009.05.20"]
[SourceQuality "1"]

1. e4 d6 2. d4 Nf6 3. Nc3 g6 4. Bg5 Bg7 5. e5 dxe5 6. dxe5 Qxd1+ 7. Rxd1 Nfd7 8. Nd5 Bxe5 9. f4 Bd6 10. Bxe7 Bxe7 11. Nxc7+ Kd8 12. Nxa8 b6 13. Nf3 Bb7 14. Ne5 Kc8 15. Nxb6+ Nxb6 16. Kf2 Bh4+ 17. Kg1 Be7 18. h4 Nd5 19. Rh3 f6 20. Nf7 Rf8 21. Bc4 Bc5+ 22. Kh2 Ne3 23. Be6+ Kc7 24. b4 Nxd1 25. bxc5 Nf2 26. Rb3 Ne4 27. Nd6 Nxc5 0-1

[Event "Novosibirsk Region-ch Seniors"]
[Site "Novosibirsk"]
[Date "2009.02.??"]
[Round "9"]
[White "Okladnikov, Gennady"]
[Black "Dubrovin, Yury"]
[Result "1-0"]
[WhiteElo "2194"]
[BlackElo "2067"]
[PlyCount "55"]
[EventDate "2009.02.??"]
[EventType "swiss"]
[EventRounds "9"]
[EventCountry "RUS"]
[SourceTitle "EXT 2012"]
[Source "ChessBase"]
[SourceDate "2011.11.24"]
[SourceVersion "1"]
[SourceVersionDate "2011.11.24"]
[SourceQuality "1"]

1. e4 c6 2. d4 d5 3. Nc3 g6 4. Nf3 Bg7 5. h3 dxe4 6. Nxe4 Nd7 7. Bc4 Nb6 8. Bb3 Nf6 9. Nxf6+ exf6 10. Qe2+ Qe7 11. Qxe7+ Kxe7 12. 0-0 Be6 13. Re1 Kd7 14. Bd2 Rhe8 15. Rac1 a5 16. Bxe6+ Rxe6 17. c4 Bf8 18. Red1 Bb4 19. Be3 Nc8 20. a3 Bd6 21. d5 cxd5 22. Rxd5 Kc7 23. Rcd1 Re7 24. Nd4 Be5 25. Nb5+ Kb8 26. b3 Ra6 27. Rd8 Rc6 28. Na7 1-0

[Event "Novosibirsk Region-ch Seniors"]
[Site "Novosibirsk"]
[Date "2009.02.??"]
[Round "3"]
[White "Okladnikov, Gennady"]
[Black "Meleshin, Valery"]
[Result "1/2-1/2"]
[WhiteElo "2194"]
[BlackElo "2092"]
[PlyCount "33"]
[EventDate "2009.02.??"]
[EventType "swiss"]
[EventRounds "9"]
[EventCountry "RUS"]
[SourceTitle "EXT 2012"]
[Source "ChessBase"]
[SourceDate "2011.11.24"]
[SourceVersion "1"]
[SourceVersionDate "2011.11.24"]
[SourceQuality "1"]

1. e4 e5 2. f4 Qh4+ 3. g3 Qe7 4. fxe5 d6 5. Nc3 dxe5 6. Nd5 Qd6 7. d4 c6 8. dxe5 Qxe5 9. Nc3 Nf6 10. Nf3 Qh5 11. Bd3 Bc5 12. Qe2 0-0 13. Nd2 Qxe2+ 14. Kxe2 Re8 15. h3 Nbd7 16. g4 Ne5 17. Nb3 1/2-1/2